[Event "Mecklenburg VP LL2 Ost 2223"]
[Site "Mecklenburg VP"]
[Date "2022.12.11"]
[Round "4.7"]
[White "Hausmann, Ulrich"]
[Black "Ahmed Ibrahim, Labed"]
[Result "1-0"]
[WhiteElo "1820"]
[BlackElo "1596"]
[PlyCount "85"]
[EventDate "2022.10.23"]
[EventType "team-tourn"]
[EventRounds "9"]
[EventCountry "GER"]
[SourceTitle "EXT 2024"]
[Source "ChessBase"]
[SourceDate "2023.10.10"]
[SourceVersion "1"]
[SourceVersionDate "2023.10.10"]
[SourceQuality "1"]
[WhiteTeam "Graal Mueritz II"]
[BlackTeam "Motor Wolgast"]
[WhiteTeamCountry "GER"]
[BlackTeamCountry "GER"]

1. f4 c5 2. Nf3 Nc6 3. e3 d6 4. c3 Nf6 5. Be2 b6 6. 0-0 Bb7 7. d4 e6 8. Nbd2 Qc7 9. Qc2 0-0-0 10. a3 Nd5 11. Nb1 Na5 12. e4 Nf6 13. Nbd2 cxd4 14. Nxd4 d5 15. e5 Ne4 16. Nxe4 dxe4 17. Be3 Nc4 18. Bxc4 Qxc4 19. Rfd1 Bd5 20. b3 Qa6 21. c4 Bb7 22. Nb5 Bc5 23. Bxc5 bxc5 24. Nd6+ Rxd6 25. Rxd6 Qa5 26. Qb2 Qc7 27. Rad1 Rf8 28. Qd2 f6 29. Rd7 Qb6 30. Rd6 Qc7 31. Rxe6 fxe5 32. Rxe5 Qc6 33. Rd5 Qc7 34. Rd6 Re8 35. Qe3 Qa5 36. Qh3+ Kb8 37. Qd7 Rc8 38. Qxg7 Qxa3 39. Qe5 Ka8 40. Rd8 Qxb3 41. Rxc8+ Bxc8 42. Qxe4+ Kb8 43. Rb1 1-0

[Event "GER Cup Net V1 U1600"]
[Site "Playchess.com INT"]
[Date "2020.05.19"]
[Round "4"]
[White "Burkart, Lloyd Shang"]
[Black "Hausmann, Ulrich"]
[Result "1-0"]
[WhiteElo "1783"]
[BlackElo "1520"]
[PlyCount "51"]
[EventDate "2020.05.19"]
[EventType "swiss (blitz)"]
[EventRounds "9"]
[EventCountry "GER"]
[SourceTitle "EXT 2021"]
[Source "ChessBase"]
[SourceDate "2020.10.23"]
[SourceVersion "1"]
[SourceVersionDate "2020.10.23"]
[SourceQuality "1"]

1. d4 d6 2. e4 e6 3. Nc3 Bd7 4. Nge2 Nc6 5. g3 e5 6. Be3 Nf6 7. h3 Qc8 8. Bg2 a6 9. a4 Be7 10. Qd2 h6 11. 0-0-0 Nb4 12. f4 b5 13. dxe5 dxe5 14. fxe5 Nh5 15. g4 Nf6 16. exf6 Bxf6 17. Bc5 Nc6 18. Nf4 Ne5 19. Kb1 bxa4 20. Ncd5 Bg5 21. h4 Be7 22. Nxe7 Qb7 23. Qc3 Nc6 24. Qxg7 Nxe7 25. Qxh8+ Ng8 26. Qxg8# 1-0

[Event "GER Cup Net V1 U1600"]
[Site "Playchess.com INT"]
[Date "2020.05.19"]
[Round "6"]
[White "Hausmann, Ulrich"]
[Black "Meier, Franz1111"]
[Result "0-1"]
[WhiteElo "1520"]
[BlackElo "1387"]
[PlyCount "76"]
[EventDate "2020.05.19"]
[EventType "swiss (blitz)"]
[EventRounds "9"]
[EventCountry "GER"]
[SourceTitle "EXT 2021"]
[Source "ChessBase"]
[SourceDate "2020.10.23"]
[SourceVersion "1"]
[SourceVersionDate "2020.10.23"]
[SourceQuality "1"]

1. f4 e6 2. Nf3 d5 3. e3 c5 4. c3 Nc6 5. d4 c4 6. Be2 Nf6 7. 0-0 Be7 8. Ne5 0-0 9. Nd2 b5 10. b3 Nxe5 11. fxe5 Nd7 12. Bh5 cxb3 13. axb3 Ba6 14. Qf3 g6 15. Bg4 Qb6 16. Ba3 b4 17. Bxb4 Bxb4 18. Rf2 Bxc3 19. Rb1 Bd3 20. Rd1 Bxd2 21. Rdxd2 Be4 22. Qg3 Qxb3 23. h4 Qb1+ 24. Kh2 Bf5 25. Bf3 Be4 26. h5 Bxf3 27. Rxf3 Qe4 28. Rf4 Qb1 29. hxg6 fxg6 30. Rh4 Rf1 31. Qg4 Rh1+ 32. Kg3 Qe1+ 33. Kf3 Rf8+ 34. Qf4 Rxf4+ 35. Rxf4 Qxd2 36. e4 Qxd4 37. exd5 Rf1+ 38. Kg4 Rxf4+ 0-1

[Event "GER-ch Net blitz qual1"]
[Site "Playchess.com INT"]
[Date "2020.03.07"]
[Round "7"]
[White "Hausmann, Ulrich"]
[Black "Costa, Leonardo"]
[Result "0-1"]
[WhiteElo "1820"]
[BlackElo "2091"]
[PlyCount "70"]
[EventDate "2020.03.07"]
[EventType "swiss (blitz)"]
[EventRounds "9"]
[EventCountry "GER"]
[SourceTitle "CBM 195 Extra"]
[Source "ChessBase"]
[SourceDate "2020.05.31"]
[SourceVersion "1"]
[SourceVersionDate "2020.05.31"]
[SourceQuality "1"]

1. f4 Nf6 2. Nf3 g6 3. e3 Bg7 4. d4 0-0 5. c3 d5 6. Be2 c5 7. 0-0 Nc6 8. Nbd2 c4 9. Ne5 h5 10. Ndf3 Bf5 11. b3 Ne4 12. Bb2 Nxe5 13. fxe5 b5 14. Nd2 Bh6 15. Nxe4 Bxe4 16. Bc1 Rc8 17. b4 a5 18. a3 Ra8 19. Bd2 Qd7 20. Bf3 Bd3 21. Be2 Bxe2 22. Qxe2 Ra6 23. e4 Bxd2 24. Qxd2 dxe4 25. Qe3 Qd5 26. Rf4 axb4 27. cxb4 Rfa8 28. Qf2 Rxa3 29. Rf1 e3 30. Qh4 e2 31. Re1 Ra1 32. Kf2 Rxe1 33. Kxe1 Qxg2 34. Qxe7 Ra1+ 35. Kd2 e1Q# 0-1

[Event "GER-ch Net blitz qual1"]
[Site "Playchess.com INT"]
[Date "2020.03.07"]
[Round "4"]
[White "Kakoschke, Dieter"]
[Black "Hausmann, Ulrich"]
[Result "0-1"]
[WhiteElo "1995"]
[BlackElo "1820"]
[PlyCount "134"]
[EventDate "2020.03.07"]
[EventType "swiss (blitz)"]
[EventRounds "9"]
[EventCountry "GER"]
[SourceTitle "CBM 195 Extra"]
[Source "ChessBase"]
[SourceDate "2020.05.31"]
[SourceVersion "1"]
[SourceVersionDate "2020.05.31"]
[SourceQuality "1"]

1. e4 d6 2. d4 e6 3. c4 Nc6 4. Nc3 Bd7 5. Be3 e5 6. d5 Nce7 7. Bd3 Ng6 8. Nge2 Nf6 9. 0-0 Ng4 10. Ng3 Nf6 11. f4 exf4 12. Bxf4 Nxf4 13. Rxf4 a6 14. Nf5 Bxf5 15. exf5 Qd7 16. Qf3 Be7 17. Re1 0-0-0 18. Qf2 Kb8 19. Rf3 Ng4 20. Qd4 Ne5 21. Rfe3 Bf6 22. Qf4 h6 23. Ne4 Qa4 24. Nxf6 gxf6 25. Qd4 Rhg8 26. a3 Rg4 27. Re4 Rdg8 28. Rxg4 Rxg4 29. Qf2 Qb3 30. Bf1 Nf3+ 31. Kh1 Nxe1 32. Qxe1 Qxb2 33. Qe8+ Ka7 34. Qe3+ b6 35. Qf3 Qd4 36. h3 Rf4 37. Qe2 Re4 38. Qf3 Re3 39. Qf2 Qd2 40. Qf4 Qc1 41. Kg1 Qe1 42. Qxh6 Re5 43. Qf4 Qe3+ 44. Qxe3 Rxe3 45. Kf2 Rxa3 46. h4 b5 47. h5 bxc4 48. h6 Rb3 49. h7 Rb8 50. Bxc4 a5 51. g4 Kb6 52. Ke3 Kc5 53. Bd3 a4 54. g5 fxg5 55. f6 a3 56. Kf3 a2 57. Kg4 a1Q 58. Kxg5 Qe5+ 59. Kh6 Qxf6+ 60. Kh5 Rh8 61. Kg4 Qe5 62. Kf3 Qxd5+ 63. Ke3 Qxd3+ 64. Kxd3 Rxh7 65. Ke4 Rh6 66. Kf5 Re6 67. Kg5 Re3 0-1

[Event "Mecklenburg VP LL2 Ost 1516"]
[Site "Mecklenburg VP"]
[Date "2016.01.17"]
[Round "5.7"]
[White "Raitza, Egon"]
[Black "Hausmann, Ulrich"]
[Result "1/2-1/2"]
[WhiteElo "1688"]
[BlackElo "1653"]
[PlyCount "91"]
[EventDate "2015.09.20"]
[EventType "team-tourn"]
[EventRounds "9"]
[EventCountry "GER"]
[SourceTitle "EXT 2022"]
[Source "ChessBase"]
[SourceDate "2021.10.06"]
[SourceVersion "1"]
[SourceVersionDate "2021.10.06"]
[SourceQuality "1"]
[WhiteTeam "Rostock SSC 07 III"]
[BlackTeam "Graal Mueritz"]
[WhiteTeamCountry "GER"]
[BlackTeamCountry "GER"]

1. d4 d6 2. c4 e6 3. e4 Bd7 4. Nf3 Nc6 5. Nc3 Nf6 6. Be2 h6 7. 0-0 e5 8. d5 Ne7 9. b4 Ng6 10. Re1 Be7 11. Qc2 Qc8 12. Bd2 Nh5 13. Nxe5 Nxe5 14. Bxh5 Nxc4 15. Bf4 Bf6 16. Rac1 a6 17. a4 Bg4 18. Bxg4 Qxg4 19. Ne2 b5 20. h3 Qd7 21. Red1 Rc8 22. Nd4 Bxd4 23. Rxd4 Qe7 24. axb5 axb5 25. Ra1 0-0 26. Ra7 Rfe8 27. Bc1 f5 28. f3 Qe5 29. Qd1 Ra8 30. Rxa8 Rxa8 31. exf5 Ra1 32. Re4 Qc3 33. Re1 Qxb4 34. Qe2 Qc5+ 35. Kh2 Ne5 36. f4 Rxc1 37. Rxc1 Qxc1 38. fxe5 Qf4+ 39. g3 Qxe5 40. Qxb5 c5 41. Qc6 Qe2+ 42. Kg1 Qe5 43. Kg2 Kf7 44. Qd7+ Kf8 45. Qd8+ Kf7 46. Qd7+ 1/2-1/2

[Event "Mecklenburg VP LL2 Ost 1516"]
[Site "Mecklenburg VP"]
[Date "2015.10.11"]
[Round "2.7"]
[White "Loesche, Richard"]
[Black "Hausmann, Ulrich"]
[Result "1/2-1/2"]
[WhiteElo "1572"]
[BlackElo "1653"]
[PlyCount "89"]
[EventDate "2015.09.20"]
[EventType "team-tourn"]
[EventRounds "9"]
[EventCountry "GER"]
[SourceTitle "EXT 2022"]
[Source "ChessBase"]
[SourceDate "2021.10.06"]
[SourceVersion "1"]
[SourceVersionDate "2021.10.06"]
[SourceQuality "1"]
[WhiteTeam "Stralsund FHSG II"]
[BlackTeam "Graal Mueritz"]
[WhiteTeamCountry "GER"]
[BlackTeamCountry "GER"]

1. e4 d6 2. Nc3 e6 3. d4 Nc6 4. g3 Bd7 5. Bg2 e5 6. Nf3 Nf6 7. d5 Ne7 8. Bg5 Ng6 9. Nh4 Be7 10. Nxg6 hxg6 11. Be3 Qc8 12. f3 Bh3 13. Qe2 Bxg2 14. Qxg2 b6 15. Qe2 Qd7 16. 0-0-0 a6 17. g4 b5 18. a3 Rb8 19. Na2 c5 20. dxc6 Qxc6 21. Qd2 Qc7 22. Nb4 Ra8 23. g5 Nd7 24. Nd5 Qc6 25. Nxe7 Kxe7 26. b3 Rac8 27. Kb2 Rhd8 28. Qf2 Qc3+ 29. Kb1 Rc6 30. Rd3 Qa5 31. Kb2 Rdc8 32. Rc1 Qc7 33. Qd2 a5 34. c3 a4 35. b4 Ra6 36. Rd5 Qc4 37. Qc2 Qc6 38. Qd3 Nb6 39. Bxb6 Rxb6 40. Rc2 Qd7 41. Rd2 Qc6 42. Qc2 Qc4 43. R2d3 Rd8 44. Qd1 Qc8 45. Qg1 1/2-1/2

[Event "Mecklenburg VP LL2 Ost 1415"]
[Site "Mecklenburg VP"]
[Date "2015.02.22"]
[Round "6.7"]
[White "Hausmann, Ulrich"]
[Black "Gloeckner, Jan"]
[Result "1-0"]
[WhiteElo "1623"]
[BlackElo "1537"]
[PlyCount "94"]
[EventDate "2014.09.21"]
[EventType "team-tourn"]
[EventRounds "9"]
[EventCountry "GER"]
[SourceTitle "EXT 2022"]
[Source "ChessBase"]
[SourceDate "2021.10.06"]
[SourceVersion "1"]
[SourceVersionDate "2021.10.06"]
[SourceQuality "1"]
[WhiteTeam "Graal Mueritz"]
[BlackTeam "Neubrandenburg SG Eintracht III"]
[WhiteTeamCountry "GER"]
[BlackTeamCountry "GER"]

1. f4 d5 2. Nf3 Nc6 3. e3 Bf5 4. a3 h6 5. d4 Nf6 6. Bd3 Qd7 7. 0-0 g5 8. fxg5 hxg5 9. Ne5 Nxe5 10. Bxf5 Qd6 11. dxe5 Qxe5 12. g3 e6 13. Bd3 Bc5 14. Qf3 0-0-0 15. Qxf6 Bxe3+ 16. Bxe3 Qxe3+ 17. Qf2 Qe5 18. Nc3 f5 19. Rae1 Qf6 20. Qxa7 Qh6 21. Qf2 f4 22. g4 Rde8 23. Re2 c6 24. Rfe1 Kd7 25. Rxe6 Rxe6 26. Bf5 Rhe8 27. Na4 Kd8 28. Bxe6 Rxe6 29. Nc5 Rxe1+ 30. Qxe1 Qf6 31. Nd3 Qd4+ 32. Kg2 Qc4 33. Qe2 Kc7 34. Qe7+ Kb8 35. Qf8+ Kc7 36. Qe7+ Kb8 37. Qe2 Kc7 38. b3 Qe4+ 39. Qxe4 dxe4 40. Nc5 e3 41. Ne6+ Kd6 42. Nxg5 Ke5 43. c3 Kf6 44. h4 Ke5 45. Kf3 b6 46. h5 Kf6 47. Kxf4 e2 1-0